Environmental protection and regulations in India: (Record no. 508200)

000 -LEADER
fixed length control field 01926nam a2200169 4500
008 - FIXED-LENGTH DATA ELEMENTS--GENERAL INFORMATION
fixed length control field 190314b ||||| |||| 00| 0 eng d
100 ## - MAIN ENTRY--PERSONAL NAME
Personal name Chand, Prakash
245 ## - TITLE STATEMENT
Title Environmental protection and regulations in India:
Remainder of title role of the Central Pollution Control Board
260 ## - PUBLICATION, DISTRIBUTION, ETC. (IMPRINT)
Date of publication, distribution, etc 2018
300 ## - PHYSICAL DESCRIPTION
Extent p.645-663.
520 ## - SUMMARY, ETC.
Summary, etc Since independence, Indian policymakers have attempted to address environmental problems by passing a number of rules and regulations as per the vision of the constitution and in response to the requirement of time. However, due to the prevalent poverty and the developmental compulsions of the nation, environment and its protection was not a priority of the government till the end of the 1960s. But, the 1972 Stockholm Conference on Human Environment brought a marked shift in India’s approach to environmental issues. The conference proved to be a turning point in India’s perception on environment and facilitated the creation of the National Committee on Environmental Planning and Co-ordination (NCEPC) in 1972. The NCEPC triggered a rise in environmental legislation, beginning with the Water (Prevention and Control of Pollution) Act of 1974, which provided for the creation of Pollution Control Boards for the control of water pollution at national and state levels and empowered them to enforce the law. The boards were later empowered to deal with air pollution by Air (Prevention and Control of Pollution) Act of 1981 and acted as regulatory mechanisms to environmental protection. This article primarily deals with the role of the Central Pollution Control Board as a regulatory authority to environmental protection and regulations in India. - Reproduced.
650 ## - SUBJECT ADDED ENTRY--TOPICAL TERM
Topical term or geographic name as entry element Pollution
9 (RLIN) 3123
650 ## - SUBJECT ADDED ENTRY--TOPICAL TERM
Topical term or geographic name as entry element Central Pollution Control Board
9 (RLIN) 3365
773 ## - HOST ITEM ENTRY
Main entry heading Indian Journal of Public Administration
906 ## - LOCAL DATA ELEMENT F, LDF (RLIN)
Subject DIP Environmental protection - Regulation - India
942 ## - ADDED ENTRY ELEMENTS (KOHA)
Source of classification or shelving scheme
Item type Articles
Holdings
Withdrawn status Lost status Source of classification or shelving scheme Damaged status Not for loan Permanent location Current location Date acquired Serial Enumeration / chronology Barcode Date last seen Koha item type
          Indian Institute of Public Administration Indian Institute of Public Administration 2019-03-14 64(4), Dec, 2018: p.645-663. AR119230 2019-03-14 Articles

Powered by Koha